<?xml version="1.0" encoding="UTF-8"?>
<record
    xmlns:xsi="http://www.w3.org/2001/XMLSchema-instance"
    xsi:schemaLocation="http://www.loc.gov/MARC21/slim http://www.loc.gov/standards/marcxml/schema/MARC21slim.xsd"
    xmlns="http://www.loc.gov/MARC21/slim">

  <leader>00269nam a2200109Ia 4500</leader>
  <controlfield tag="008">220630s9999    xx            000 0 und d</controlfield>
  <datafield tag="020" ind1=" " ind2=" ">
    <subfield code="a">978186842852 6</subfield>
  </datafield>
  <datafield tag="082" ind1=" " ind2=" ">
    <subfield code="a">967.9 NEWI</subfield>
  </datafield>
  <datafield tag="100" ind1=" " ind2=" ">
    <subfield code="a">NEWITT,MOZA</subfield>
    <subfield code="9">155090</subfield>
  </datafield>
  <datafield tag="245" ind1=" " ind2="2">
    <subfield code="a">A SHORT HISTORY OF MOZAMBIQUE</subfield>
  </datafield>
  <datafield tag="942" ind1=" " ind2=" ">
    <subfield code="c">BK</subfield>
    <subfield code="w">561</subfield>
    <subfield code="x">John Tresidder</subfield>
    <subfield code="y">561</subfield>
    <subfield code="z">John Tresidder</subfield>
  </datafield>
  <datafield tag="999" ind1=" " ind2=" ">
    <subfield code="c">696731</subfield>
    <subfield code="d">696730</subfield>
  </datafield>
  <datafield tag="952" ind1=" " ind2=" ">
    <subfield code="0">0</subfield>
    <subfield code="1">0</subfield>
    <subfield code="4">0</subfield>
    <subfield code="7">0</subfield>
    <subfield code="a">SOMAPL</subfield>
    <subfield code="b">SOMAPL</subfield>
    <subfield code="d">2022-07-01</subfield>
    <subfield code="g">450.00</subfield>
    <subfield code="l">0</subfield>
    <subfield code="p">3 390900051095 1</subfield>
    <subfield code="r">2022-07-01</subfield>
    <subfield code="w">2022-07-01</subfield>
    <subfield code="y">BK</subfield>
    <subfield code="z">334/19</subfield>
  </datafield>
  <datafield tag="952" ind1=" " ind2=" ">
    <subfield code="0">0</subfield>
    <subfield code="1">0</subfield>
    <subfield code="2">ddc</subfield>
    <subfield code="4">0</subfield>
    <subfield code="7">0</subfield>
    <subfield code="a">LYDEL</subfield>
    <subfield code="b">SIMIL</subfield>
    <subfield code="d">2023-03-03</subfield>
    <subfield code="l">0</subfield>
    <subfield code="o">967.9 NEWI</subfield>
    <subfield code="p">33228031029622</subfield>
    <subfield code="r">2023-03-03</subfield>
    <subfield code="w">2023-03-03</subfield>
    <subfield code="y">BK</subfield>
  </datafield>
</record>
